000
00235 a2200097 4500
001
33161
100
_a
Gopal,R
245
_a
Problems and solutions in Signals and Systems
260
_a
ND
_b
CBS Publishers
_c
2004
090
_c
22230
_d
22230
942
_a
NUST-CAE
_c
M
_c
13593
999
_c
268234
_d
268234